书目信息 |
| 题名: |
文学体裁常识及写作
|
|
| 作者: | ;廊坊师专中文科 | |
| 分册: | ||
| 出版信息: | 廊坊 廊坊师专中文科 1979.10 |
|
| 页数: | 226页 | |
| 开本: | 19cm | |
| 丛书名: | ||
| 单 册: | ||
| 中图分类: | H052 | |
| 科图分类: | ||
| 主题词: | 写作学 , 修辞学 | |
| 电子资源: | ||
| ISBN: | ||
| 000 | 00569nam0 2200193 45 | |
| 001 | 0404241043 | |
| 005 | 20060427152643.67 | |
| 010 | @dCNY0.85 | |
| 100 | @a20040424d1979 km y0chiy0120 ea | |
| 101 | 0 | @achi |
| 200 | 1 | @a文学体裁常识及写作@AWen Xue Ti Cai Chang Shi Ji Xie Zuo@f廊坊师专中文科@FLang Fang Shi Zhuan Zhong Wen Ke |
| 210 | @a廊坊@c廊坊师专中文科@d1979.10 | |
| 215 | @a226页@d19cm | |
| 606 | 0 | @a写作学 |
| 606 | 0 | @a修辞学 |
| 690 | @aH052@v3 | |
| 711 | 02 | @a廊坊师专中文科 |
| 801 | @aCN@bPftUser@c20060427 | |
| 905 | @f5@b11951-955@dH052@e2@b11949@f1@f1@b11947 | |
| 文学体裁常识及写作/廊坊师专中文科.-廊坊:廊坊师专中文科,1979.10 |
| 226页;19cm |
| ISBN :CNY0.85 |
| ● |
| 相关链接 |
|
|
|
|
正题名:文学体裁常识及写作
索取号:H052/2
 
预约/预借
| 序号 | 登录号 | 条形码 | 馆藏地/架位号 | 状态 | 备注 |
| 1 | 0011947 | 000821098 | 密集书库/ [索取号:H052/2] | 在馆 | |
| 2 | 0011949 | 000821089 | 第四借阅区/ [索取号:H052/2] | 在馆 | |
| 3 | 0011950 | 202270853 | 密集书库/ [索取号:H052/2] | 在馆 | |
| 4 | 0011951 | 000821132 | 密集书库/ [索取号:H052/2] | 在馆 | |
| 5 | 0011952 | 000821123 | 第二样本阅览室/ [索取号:H052/2] | 在馆 | |
| 6 | 0011953 | 000821070 | 密集书库/ [索取号:H052/2] | 在馆 | |
| 7 | 0011954 | 000821114 | 密集书库/ [索取号:H052/2] | 在馆 | |
| 8 | 0011955 | 000821105 | 密集书库/ [索取号:H052/2] | 在馆 | |
| 9 | 0011956 | 202199879 | 密集书库/ [索取号:H052/2] | 在馆 |